书目信息 |
| 题名: |
高速铁路客运组织
|
|
| 作者: | 李美楠 主编 | |
| 分册: | ||
| 出版信息: | 北京 人民交通出版社股份有限公司 2022 |
|
| 页数: | 173页 | |
| 开本: | 26cm | |
| 丛书名: | ||
| 单 册: | ||
| 中图分类: | U293.3 | |
| 科图分类: | ||
| 主题词: | 高速铁路--客运组织--高等职业教育--教材 | |
| 电子资源: | ||
| ISBN: | 978-7-114-17738-5 | |
| 000 | 00889nam0 2200229 450 | |
| 001 | 2271911283 | |
| 005 | 20220929195847.49 | |
| 010 | @a978-7-114-17738-5@dCNY38.00 | |
| 100 | @a20220616d2022 em y0chiy50 ea | |
| 101 | 0 | @achi |
| 102 | @aCN@b110000 | |
| 105 | @aa z 000yy | |
| 200 | 1 | @a高速铁路客运组织@9gao su tie lu ke yun zu zhi@f李美楠主编 |
| 210 | @a北京@c人民交通出版社股份有限公司@d2022 | |
| 215 | @a173页@c图@d26cm | |
| 300 | @a职业教育高速铁路客运服务专业系列教材 交通版精品教材 | |
| 330 | @a本书共6个项目21项工作任务,主要内容包括高速铁路客运站工作组织、动车组旅客列车工作组织、高速铁路旅客运输计划编制、高速铁路运输安全及应急处理、高速铁路节假日和新老兵客运组织、高速铁路客运营销工作组织。 | |
| 606 | 0 | @a高速铁路@x客运组织@x高等职业教育@j教材 |
| 690 | @aU293.3@v5 | |
| 701 | 0 | @a李美楠@9li mei nan@4主编 |
| 801 | 0 | @aCN@b91MARC@c20220620 |
| 905 | @aZUCC@dU293.3@e4 | |
| 高速铁路客运组织/李美楠主编.-北京:人民交通出版社股份有限公司,2022 |
| 173页:图;26cm |
| 职业教育高速铁路客运服务专业系列教材 交通版精品教材 |
| ISBN 978-7-114-17738-5:CNY38.00 |
| 本书共6个项目21项工作任务,主要内容包括高速铁路客运站工作组织、动车组旅客列车工作组织、高速铁路旅客运输计划编制、高速铁路运输安全及应急处理、高速铁路节假日和新老兵客运组织、高速铁路客运营销工作组织。 |
| ● |
| 相关链接 |
|
|
|
正题名:高速铁路客运组织
索取号:U293.3/4
 
预约/预借
| 序号 | 登录号 | 条形码 | 馆藏地/架位号 | 状态 | 备注 |
| 1 | 2000907550 | 2000907550 | 第三书库/ [索取号:U293.3/4] | 在馆 | |
| 2 | 2000907551 | 2000907551 | 第三书库/ [索取号:U293.3/4] | 在馆 | |
| 3 | 2000907552 | 2000907552 | 第三书库/ [索取号:U293.3/4] | 在馆 |